| 000 | 01107cam a2200229 4500 | ||
|---|---|---|---|
| 001 | WB3847-33 | ||
| 008 | 021220n2002 000 0 eng u | ||
| 035 | _a(Sirsi) u120861 | ||
| 245 | _aMarket retains strength but cracks showing | ||
| 260 | _c2002 | ||
| 490 |
_aFarmland Market _v137(25) 20 December 2002, 64(1) |
||
| 520 | _aExamines how the farmland market has performed across the UK in 2002. Land values seem to have remained stable but this is due to the continued lack of supply. RICS said that whole farm values actually rose £60/acre to £3157/acre over Q3. FPDSavills figures show that total availability in England at 146 000 acres was up 60% on 2001 when foot and mouth restricted sales to 91 000, but down by 22% on the average volume launched anually between 1998-2000. Graphs. | ||
| 590 | _aWB | ||
| 650 | _aFARMLAND MARKET | ||
| 650 | _aLAND VALUES | ||
| 650 | _aSUPPLY | ||
| 650 | _aAVAILABILITY | ||
| 650 | _aPROPERTY-RURAL AND NATURAL ASSETS-AGRICULTURAL PROPERTY-AGRICULTURAL LAND-ARABLE LAND | ||
| 650 | _aFOOT-AND-MOUTH DISEASE | ||
| 690 |
_aRural _96268 |
||
| 942 | _n0 | ||
| 999 |
_c71837 _d71837 |
||